Ateneo de la Clase Obrera de Igualada (Cataluña) (Record no. 96693)

MARC details
000 -LEADER
campo de control de longitud fija 00730nam a2200193 i 4500
001 - NÚMERO DE CONTROL
campo de control 96693
003 - IDENTIFICADOR DE NÚMERO DE CONTROL
campo de control ES-MaACL
005 - FECHA Y HORA DE LA ÚLTIMA TRANSACCIÓN
campo de control 20230906181948.0
007 - CAMPO FIJO DE DESCRIPCIÓN FÍSICA--INFORMACIÓN GENERAL
campo de control de longitud fija t|
008 - DATOS DE LONGITUD FIJA--INFORMACIÓN GENERAL
campo de control de longitud fija 050629s1924 sp ||||1| spa d
100 1# - ENTRADA PRINCIPAL--NOMBRE DE PERSONA
Nombre de persona Maluquer y Salvador, José.
9 (RLIN) 75885
245 10 - MENCIÓN DEL TÍTULO
Título Ateneo de la Clase Obrera de Igualada (Cataluña)
Resto del título : curso de seguro obrero : exposición del programa /
Mención de responsabilidad, etc. por José Maluquer y Salvador.
250 ## - MENCION DE EDICION
Mención de edición 2ª ed.
260 ## - PUBLICACIÓN, DISTRIBUCIÓN, ETC.
Lugar de publicación, distribución, etc. Madrid :
Nombre del editor, distribuidor, etc. [s.n.],
Fecha de publicación, distribución, etc. 1924 (
Fabricante Sobrinos de la Sucesora de M. Minuesa de los Ríos)
300 ## - DESCRIPCIÓN FÍSICA
Extensión 23 p., [2] h. de lám. ;
Dimensiones 21 cm.
500 ## - NOTA GENERAL
Nota general Precede al tít.:Instituto Nacional de Previsión.
650 ## - PUNTO DE ACCESO ADICIONAL DE MATERIA--TÉRMINO DE MATERIA
Término de materia o nombre geográfico como elemento de entrada Seguridad social-
Subdivisión geográfica España.
9 (RLIN) 17023
852 ## - LOCALIZACIÓN
Ubicación ES-MaACL
Número de control de estantería 1674-F-4
Sublocalización o colección R.4554
Holdings
Estatus retirado Estado de pérdida Estado de daño No para préstamo Colección Biblioteca de origen Biblioteca actual Ubicación en estantería Fecha de adquisición Fuente de adquisición Total de préstamos Signatura topográfica completa Código de barras Visto por última vez Precio de reemplazo Tipo de ítem Koha
        Colección de folletos Biblioteca del Ateneo de Madrid Biblioteca del Ateneo de Madrid Depósito folletos 17/01/2008     1674-F-4 1100946 23/02/2023 23/02/2023 Folleto